| 000 | 00399cam a2200169ua 4500 | ||
|---|---|---|---|
| 020 | _c12.50 | ||
| 041 |
_aeng _h |
||
| 082 |
_a658.501 _bKIM/PR |
||
| 100 | _aDexter, Kimbali . | ||
| 245 | _aPrinciples of industrial organization | ||
| 260 |
_aNew York : _bMcGraw Hill Book Company , _c1965. |
||
| 300 | _a531 ; . | ||
| 365 | _a12.50 | ||
| 504 | _a | ||
| 942 | _cBK | ||
| 999 |
_c2871 _d2871 |
||